[Event "SRB-chT2 West"]
[Site "Arandjelovac"]
[Date "2018.10.05"]
[Round "8.5"]
[White "Skakic, Zeljko"]
[Black "Djokic, Slavoljub"]
[Result "1-0"]
[WhiteElo "2249"]
[BlackElo "2122"]
[PlyCount "70"]
[EventDate "2018.09.07"]
[EventType "team-tourn"]
[EventRounds "11"]
[EventCountry "SRB"]
[SourceTitle "EXT 2021"]
[Source "ChessBase"]
[SourceDate "2020.10.23"]
[SourceVersion "1"]
[SourceVersionDate "2020.10.23"]
[SourceQuality "1"]
[WhiteTeam "Smederevo"]
[BlackTeam "Krusevac"]
[WhiteTeamCountry "SRB"]
[BlackTeamCountry "SRB"]

1. d4 c5 2. d5 Nf6 3. c4 b5 4. f3 bxc4 5. e4 d6 6. Bxc4 g6 7. Ne2 Bg7 8. 0-0 0-0 9. Nbc3 Ba6 10. Bxa6 Nxa6 11. Be3 Qb6 12. Qd2 Rfb8 13. Rab1 Qa5 14. h3 Rb7 15. f4 Nd7 16. Kh1 Rab8 17. b3 Qb4 18. Qd3 Qa5 19. Na4 Nb4 20. Qd2 c4 21. Nd4 cxb3 22. axb3 Nc5 23. Nxc5 dxc5 24. Nf3 Qb5 25. Ne5 a5 26. Rbc1 Rc7 27. d6 exd6 28. Qxd6 Rbc8 29. f5 Qe8 30. Ng4 Qxe4 31. fxg6 hxg6 32. Bh6 Qd4 33. Qg3 Rc6 34. Rc4 Qd3 35. Rf3 Qe2 1-0

[Event "SRB-chT2 West"]
[Site "Arandjelovac"]
[Date "2018.10.04"]
[Round "6.5"]
[White "Suljovic, Sulejman"]
[Black "Skakic, Zeljko"]
[Result "0-1"]
[WhiteElo "2236"]
[BlackElo "2249"]
[PlyCount "104"]
[EventDate "2018.09.07"]
[EventType "team-tourn"]
[EventRounds "11"]
[EventCountry "SRB"]
[SourceTitle "EXT 2021"]
[Source "ChessBase"]
[SourceDate "2020.10.23"]
[SourceVersion "1"]
[SourceVersionDate "2020.10.23"]
[SourceQuality "1"]
[WhiteTeam "Tutin"]
[BlackTeam "Smederevo"]
[WhiteTeamCountry "SRB"]
[BlackTeamCountry "SRB"]

1. e4 c6 2. d4 d5 3. e5 Bf5 4. Ne2 e6 5. Ng3 Bg6 6. h4 h5 7. Nd2 c5 8. Bd3 cxd4 9. Bxg6 fxg6 10. Nf3 Bb4+ 11. c3 dxc3 12. 0-0 cxb2 13. Bxb2 Nc6 14. Ng5 Qd7 15. Qd3 Nge7 16. a3 Bc5 17. Rad1 Rd8 18. Ne2 0-0 19. Qh3 Rf5 20. Ng3 Rxg5 21. hxg5 Rf8 22. Ne4 Bb6 23. Rd2 Nf5 24. Nd6 Qe7 25. Nxf5 Rxf5 26. Rd3 Nxe5 27. Bxe5 Rxe5 28. Kh1 Qxg5 29. Rg3 Qf5 30. Qh4 Re4 31. Qe7 Qf7 32. Qg5 Bc7 33. Rf3 Rf4 34. Rxf4 Qxf4 35. Qxf4 Bxf4 36. Rb1 b6 37. g3 Bd6 38. a4 Bc5 39. Kg2 Kf7 40. Rb3 g5 41. Rb5 a5 42. f3 e5 43. Rb1 g4 44. fxg4 hxg4 45. Rh1 Kf6 46. Rh4 Kf5 47. Rh5+ g5 48. Rh7 d4 49. Rf7+ Ke6 50. Rg7 d3 51. Kf1 e4 52. Rg8 e3 0-1

[Event "SRB-chT 1st League"]
[Site "Vrnjacka Banja"]
[Date "2006.10.28"]
[Round "10.5"]
[White "Irizanin, Radoje"]
[Black "Skakic, Zeljko"]
[Result "1/2-1/2"]
[WhiteElo "2301"]
[BlackElo "2198"]
[PlyCount "62"]
[EventDate "2006.09.09"]
[EventType "team"]
[EventRounds "11"]
[EventCountry "SRB"]
[SourceTitle "EXT 2012"]
[Source "ChessBase"]
[SourceDate "2011.11.24"]
[SourceVersion "1"]
[SourceVersionDate "2011.11.24"]
[SourceQuality "1"]
[WhiteTeam "Gornji Milanovac Metalac"]
[BlackTeam "Smederevo"]
[WhiteTeamCountry "SRB"]
[BlackTeamCountry "SRB"]

1. d4 Nf6 2. Nf3 e6 3. e3 b6 4. Bd3 Bb7 5. c3 Be7 6. Nbd2 d5 7. Ne5 0-0 8. f4 Nbd7 9. Qf3 c5 10. 0-0 Qc7 11. g4 Ne8 12. g5 Nd6 13. Bxh7+ Kxh7 14. Qh5+ Kg8 15. Rf3 Nxe5 16. Rh3 f6 17. fxe5 Nf5 18. exf6 Bxf6 19. gxf6 Rxf6 20. Qh7+ Kf7 21. Nf3 Rf8 22. Bd2 Ke8 23. Ne5 Ba6 24. Ng6 Qf7 25. Ne5 Qc7 26. Ng4 R6f7 27. Qg6 Ne7 28. Qc2 Nc6 29. Qg6 Ne7 30. Qc2 Nc6 31. Qg6 Ne7 1/2-1/2

[Event "SRB-chT 1st League"]
[Site "Vrnjacka Banja"]
[Date "2006.10.27"]
[Round "9.6"]
[White "Skakic, Zeljko"]
[Black "Rihterovic, Milan"]
[Result "0-1"]
[WhiteElo "2198"]
[BlackElo "2224"]
[PlyCount "76"]
[EventDate "2006.09.09"]
[EventType "team"]
[EventRounds "11"]
[EventCountry "SRB"]
[SourceTitle "EXT 2012"]
[Source "ChessBase"]
[SourceDate "2011.11.24"]
[SourceVersion "1"]
[SourceVersionDate "2011.11.24"]
[SourceQuality "1"]
[WhiteTeam "Smederevo"]
[BlackTeam "Kragujevac Radnicki"]
[WhiteTeamCountry "SRB"]
[BlackTeamCountry "SRB"]

1. d4 Nf6 2. c4 g6 3. Nc3 Bg7 4. e4 0-0 5. f3 c5 6. d5 d6 7. Bg5 h6 8. Be3 e6 9. Qd2 exd5 10. cxd5 Kh7 11. Nge2 Nbd7 12. Ng3 Ne5 13. Be2 Re8 14. 0-0 a6 15. a4 Rb8 16. h3 Re7 17. f4 Ned7 18. e5 dxe5 19. f5 g5 20. d6 Re8 21. Bc4 Kg8 22. Nd5 b5 23. Ne7+ Rxe7 24. dxe7 Qxe7 25. axb5 axb5 26. Be2 Bb7 27. Ra7 c4 28. Rd1 Bf8 29. Nh5 Qb4 30. Qxb4 Bxb4 31. Kh2 Kf8 32. b3 cxb3 33. Bxb5 b2 34. Nxf6 Nxf6 35. Ra2 Bc3 36. Ba7 Rc8 37. Bd3 Rd8 38. Bc5+ Kg7 0-1

[Event "Serbia-chT central"]
[Site "Golubac"]
[Date "2003.??.??"]
[Round "?"]
[White "Grujic, Nebojsa"]
[Black "Skakic, Zeljko"]
[Result "1/2-1/2"]
[WhiteElo "2217"]
[BlackElo "2202"]
[PlyCount "74"]
[EventDate "2003.09.27"]
[EventType "team"]
[EventRounds "11"]
[EventCountry "YUG"]
[SourceTitle "CBM 096 Extra"]
[Source "ChessBase"]
[SourceDate "2003.10.22"]
[SourceVersion "2"]
[SourceVersionDate "2003.10.20"]
[SourceQuality "1"]

1. d4 Nf6 2. c4 e6 3. Nc3 Bb4 4. f3 d5 5. a3 Bxc3+ 6. bxc3 0-0 7. cxd5 exd5 8. e3 c5 9. Bd3 b6 10. Ne2 Bb7 11. 0-0 Nbd7 12. Ng3 Re8 13. Ra2 Rc8 14. Re2 Nf8 15. Bb2 Ne6 16. Qe1 g6 17. Nh1 Rc7 18. Qh4 Nh5 19. Qxd8 Rxd8 20. g4 Nf6 21. Ng3 Ne8 22. Rd1 Nd6 23. Nf1 cxd4 24. cxd4 Nc4 25. Bxc4 Rxc4 26. Rc1 Rdc8 27. Rxc4 Rxc4 28. Kf2 Ba6 29. Rd2 Rc7 30. Ng3 Bc4 31. h4 Bb3 32. e4 f6 33. Ke3 Kf7 34. e5 Rc4 35. f4 fxe5 36. fxe5 Rc2 37. Rxc2 Bxc2 1/2-1/2

[Event "Serbia-chT central"]
[Site "Golubac"]
[Date "2003.??.??"]
[Round "?"]
[White "Ikic, Alija"]
[Black "Skakic, Zeljko"]
[Result "1-0"]
[WhiteElo "2053"]
[BlackElo "2202"]
[PlyCount "124"]
[EventDate "2003.09.27"]
[EventType "team"]
[EventRounds "11"]
[EventCountry "YUG"]
[SourceTitle "CBM 096 Extra"]
[Source "ChessBase"]
[SourceDate "2003.10.22"]
[SourceVersion "2"]
[SourceVersionDate "2003.10.20"]
[SourceQuality "1"]

1. d4 Nf6 2. c4 e6 3. Nf3 b6 4. g3 Bb7 5. Bg2 Be7 6. 0-0 0-0 7. Nc3 Ne4 8. Qc2 Nxc3 9. Qxc3 f5 10. Ne1 Bxg2 11. Nxg2 Bf6 12. Qd3 Nc6 13. Be3 Qe7 14. a3 a5 15. f3 a4 16. Bf2 Na5 17. e4 fxe4 18. fxe4 d6 19. Rab1 c5 20. d5 e5 21. Ne3 g6 22. Nd1 Nb3 23. Nc3 Bg5 24. Be3 Nd4 25. Kg2 Kg7 26. Qd2 Bxe3 27. Qxe3 Qd7 28. h3 h6 29. Qd3 Rab8 30. Rbe1 Ra8 31. Qd1 h5 32. Rxf8 Rxf8 33. Rf1 Ra8 34. Qd3 Qe7 35. Qd1 h4 36. g4 Qg5 37. Qc1 Qxc1 38. Rxc1 Ra5 39. g5 b5 40. cxb5 Nxb5 41. Kf3 Nxc3 42. Rxc3 Rb5 43. Rc4 Rxb2 44. Rxa4 Rb3+ 45. Kg4 Rb7 46. Kxh4 Rc7 47. Ra6 Rf7 48. Kg3 Rf4 49. Rxd6 Rxe4 50. Rc6 Re3+ 51. Kg2 Rxa3 52. Rc7+ Kf8 53. Rxc5 Rd3 54. Rc6 Kf7 55. Rf6+ Kg7 56. d6 e4 57. h4 Rd2+ 58. Kf1 e3 59. Ke1 Rd4 60. Ke2 Rxh4 61. Kxe3 Rg4 62. d7 Rxg5 1-0